| 000 | nam a22 7a 4500 | ||
|---|---|---|---|
| 999 |
_c154240 _d154238 |
||
| 005 | 20200213085137.0 | ||
| 008 | 200213b mx ||||| |||| 00| 0 spa d | ||
| 020 | _a9786071610690 | ||
| 050 | 0 | 4 |
_aBR846.3 _bP68 2012 |
| 100 | 1 | _aPoulat, Émile, | |
| 240 |
_aNotre Laïcité publique. <La France est une République laique> (Constitutions de 1946 et 1958) _lEspañol |
||
| 245 | 1 | 0 |
_aNuestra laicidad pública / _cEmile Poulat ; prol y trad. de Roberto J. Blancarte |
| 250 | _aPrimera edición | ||
| 260 |
_aMéxico : _bFondo de Cultura Económica, _c2012 |
||
| 300 |
_a431 páginas ; _c21 cm |
||
| 490 | _aSección de obras de sociología | ||
| 500 | _aÍndice | ||
| 650 | 7 |
_2lemb _aIglesia y Estado _zFrancia _xHistoria |
|
| 650 | 7 |
_2lemb _aLaicismo _zFrancia _xHistoria _ySiglo XX |
|
| 700 | 1 |
_aBlancarte, Roberto, _eprologuista, traductor |
|
| 942 |
_2lcc _cLIB |
||